| 000 | 00400nam a22001457a 4500 | ||
|---|---|---|---|
| 999 |
_c2173 _d2173 |
||
| 008 | 200214b ||||| |||| 00| 0 eng d | ||
| 020 | _a9780070658943 | ||
| 100 |
_91761 _aGupta, Praveen |
||
| 245 | 1 | 0 |
_aSix sigma business scorecard / _cby Praveen Gupta |
| 250 | _a6th ed. | ||
| 260 |
_aNew Delhi _bTata McGraw Hill _c2007 |
||
| 300 | _axviii,310p. | ||
| 650 | 0 | _aTotal quality management | |
| 942 | _cBK | ||